000 00301nam a2200133Ia 4500
008 231129s1967||||xx |||||||||||||| ||spa||
040 _bspa
082 _aM863 P116m
100 _aPacheco José Emilio
245 0 _aMorirás lejos
260 _c1967
264 _aJoaquin Mortiz
942 _2ddc
_cBKS
999 _c21407
_d21407